000 00805nam a2200301 i 4500
001 C2-0219184
003 PPAK
005 20180728111458.0
008 990823s1997 my a|||| ||||| | may d
020 _a9678102358
040 _aPPAK
_beng
_cPPAK
_erda
082 0 4 _a630
_2 23
090 0 0 _a630
_bBEC
_dK
090 0 0 _a630
_bBEC
_dRK
100 1 _aBecklake, Sue,
_eauthor
245 1 0 _aMakanan & perladangan
250 _aAzni Ahmad
264 1 _aKuala Lumpur :
_bVinpress Sdn. Bhd. ,
_c1997
300 _a36 pages :
_bcolour illustrations ;
_c29 cm
336 _2rdacontent
_atext
337 _2rdamedia
_aunmediated
338 _2rdacarrier
_avolume
490 1 _aIsu Hijau
500 _aJudul asal : Food and farming
650 1 0 _aAgriculture.
830 0 _aIsu Hijau
942 _ddc
_cB
999 _c161809
_d161809